Entry Konu Terimi
001 - KONTROL NUMARASI
- Kontrol alanı: 34698
003 - KONTROL NUMARASI KİMLİĞİ
- Kontrol alanı: TR-BiSEU
005 - SON İŞLEM TARİHİ VE ZAMANI
- Kontrol alanı: 20260207002011.0
008 - SABİT UZUNLUKTAKİ VERİ ÖGELERİ - GENEL BİLGİ
- Sabit uzunlukta kontrol alanı: 260207|| aca||aabn | a|a d
040 ## - KATALOGLAMA KAYNAĞI
- Özgün kataloglama kurumu: TR-BiSEU
- Çeviri kurumu: TR-BiSEU
150 ## - KONU BAŞLIKLARI - KONU TERİMİ
- Konu terimi: Teachers' unions--Turkey
670 ## - BİLGİNİN KAYNAĞI
- Bilginin alındığı kaynak: KOHA: (TR-BiSEU)14883: Erkılıç, Turan Akman. 31248, İnsan kaynakları ve okulun eğitim programının yönetimine ilişkin etmenlerin ortaöğretim kurumlarında çalışan işgörenlerin sendikal örgütlenmeleri üzerine etkileri :
